LEADER 00799nam0-22002771i-450- 001 990001275680403321 035 $a000127568 035 $aFED01000127568 035 $a(Aleph)000127568FED01 035 $a000127568 100 $a20000920d1986----km-y0itay50------ba 101 1$aeng 200 1 $aComputational numerical methods$fby Phiilips Chris$gCornelius Barry 205 $a$a 210 $aChichester$cEllis Horwood$d1986 215 $aEllis Horwood series in computer and their applications 700 1$aPhillips,$bChris$041340 702 1$aCornelius,$bBarry 801 0$aIT$bUNINA$gRICA$2UNIMARC 901 $aBK 912 $a990001275680403321 952 $a114-B-13$b2661$fMA1 959 $aMA1 996 $aComputational numerical methods$9380436 997 $aUNINA DB $aING01 LEADER 01943nam 2200481z- 450 001 9910689468803321 005 20161209100130.0 035 $a(CKB)5860000000022124 035 $a(BIP)007972808 035 $a(EXLCZ)995860000000022124 100 $a20220406c2001uuuu -u- - 101 0 $aeng 200 10$aEnhancing computer security $ewhat tools work best : hearing before the Subcommittee on Government Management, Information, and Technology of the Committee on Government Reform, House of Representatives, One Hundred Sixth Congress, second session, March 29, 2000 215 $a1 online resource (iii, 84 p.) $cill 311 $a0-16-064933-1 517 $aEnhancing Computer Security 606 $aComputer security$zUnited States 606 $aComputer security equipment industry$zUnited States 606 $aComputer crimes$zUnited States$xPrevention 606 $aCyberterrorism$zUnited States$xPrevention 606 $aAdministrative agencies$xData processing$xSecurity measures$zUnited States 606 $aAdministrative agencies$xCommunication systems$xSecurity measures$zUnited States 606 $aData protection$zUnited States 610 $aComputer security 610 $aComputer crimes 610 $aAdministrative agencies 610 $aTelecommunication systems 610 $aData protection 610 $aComputers 610 $aTrue crime 610 $aPolitical science 610 $aTechnology & engineering 615 0$aComputer security 615 0$aComputer security equipment industry 615 0$aComputer crimes$xPrevention. 615 0$aCyberterrorism$xPrevention. 615 0$aAdministrative agencies$xData processing$xSecurity measures 615 0$aAdministrative agencies$xCommunication systems$xSecurity measures 615 0$aData protection 906 $aBOOK 912 $a9910689468803321 996 $aEnhancing computer security$93207839 997 $aUNINA